[Event "Caldaro Puntay op-B 1st"]
[Site "Caldaro"]
[Date "2016.10.22"]
[Round "2"]
[White "Demetz, Ernst"]
[Black "Girardelli, Daniel"]
[Result "1/2-1/2"]
[WhiteElo "1272"]
[BlackElo "1474"]
[PlyCount "84"]
[EventDate "2016.10.21"]
[EventType "swiss"]
[EventRounds "5"]
[EventCountry "ITA"]
[SourceTitle "EXT 2018"]
[Source "ChessBase"]
[SourceDate "2017.10.13"]
[SourceVersion "1"]
[SourceVersionDate "2017.10.13"]
[SourceQuality "1"]

1. d4 d5 2. Nc3 Nc6 3. Nf3 Bf5 4. a3 f6 5. Nh4 Qd7 6. e3 e6 7. Nxf5 exf5 8. Qf3 Nge7 9. Bb5 a6 10. Ba4 Qe6 11. 0-0 g5 12. Qg3 0-0-0 13. b4 Ng6 14. f4 gxf4 15. exf4 Nxd4 16. Be3 Nc6 17. Bb3 Nce7 18. Bd4 Rg8 19. Rae1 Qf7 20. Bc5 h6 21. Bxe7 Nxe7 22. Qf3 c6 23. Qf2 Kc7 24. Na4 Nc8 25. Qe2 b5 26. Nc3 Qe7 27. Qf3 Qd6 28. Ne2 Rg7 29. Nd4 Ne7 30. Ne6+ Kc8 31. Nxd8 Qxd8 32. Rd1 Qb6+ 33. Kh1 Kc7 34. c3 Nc8 35. Rc1 Nd6 36. Bc2 Kd7 37. a4 Re7 38. axb5 axb5 39. Qh3 Qe3 40. Bxf5+ Kc7 41. Qh4 Nxf5 42. Qg4 Qd3 1/2-1/2

[Event "Caldaro Puntay op-B 1st"]
[Site "Caldaro"]
[Date "2016.10.21"]
[Round "1"]
[White "Scarabello, Graziano"]
[Black "Demetz, Ernst"]
[Result "1-0"]
[WhiteElo "1630"]
[BlackElo "1272"]
[PlyCount "47"]
[EventDate "2016.10.21"]
[EventType "swiss"]
[EventRounds "5"]
[EventCountry "ITA"]
[SourceTitle "EXT 2018"]
[Source "ChessBase"]
[SourceDate "2017.10.13"]
[SourceVersion "1"]
[SourceVersionDate "2017.10.13"]
[SourceQuality "1"]

1. c4 d6 2. g3 Nc6 3. Bg2 Bd7 4. e3 e5 5. Ne2 Nf6 6. Nbc3 Rb8 7. 0-0 Be7 8. a3 a6 9. b4 0-0 10. Bb2 Qc8 11. Nd5 Nxd5 12. cxd5 Na7 13. f4 c6 14. fxe5 cxd5 15. Rc1 Qd8 16. Nf4 dxe5 17. Bxe5 Rc8 18. Bxd5 Bc6 19. Qg4 g5 20. Bb3 Bd7 21. Qh5 Rxc1 22. Rxc1 gxf4 23. Qh6 Be6 24. Qg7# 1-0

[Event "Chioggia op-B 10th"]
[Site "Chioggia"]
[Date "2015.10.11"]
[Round "4"]
[White "Demetz, Ernst"]
[Black "Rizzo, Nicodemo"]
[Result "0-1"]
[WhiteElo "1371"]
[BlackElo "1580"]
[PlyCount "92"]
[EventDate "2015.10.09"]
[EventType "swiss"]
[EventRounds "5"]
[EventCountry "ITA"]
[SourceTitle "EXT 2022"]
[Source "ChessBase"]
[SourceDate "2021.10.06"]
[SourceVersion "1"]
[SourceVersionDate "2021.10.06"]
[SourceQuality "1"]

1. Nf3 Nf6 2. Nc3 d5 3. d4 e6 4. a3 Be7 5. Bf4 a6 6. Bg3 c5 7. e3 Nc6 8. Be2 0-0 9. Ne5 Nxe5 10. Bxe5 c4 11. 0-0 Bd7 12. Bf3 Bc6 13. Nb1 Rc8 14. c3 b5 15. Nd2 Bd6 16. b3 Bxe5 17. dxe5 Nd7 18. e4 Nxe5 19. bxc4 Nxc4 20. exd5 Bxd5 21. Nxc4 Rxc4 22. Qd3 Bxf3 23. Qxf3 Qc8 24. Rac1 Rd8 25. Qe3 Qc5 26. Qf3 Qxa3 27. Qg3 Qc5 28. Qf3 h6 29. h3 Rc8 30. Qb7 Qc6 31. Qe7 Rxc3 32. Rcd1 Re8 33. Rd8 Rxd8 34. Qxd8+ Kh7 35. Rd1 Qc4 36. Kh2 Qc7+ 37. Qxc7 Rxc7 38. Ra1 Rc6 39. f4 b4 40. Kg3 b3 41. Kg4 b2 42. Rb1 Rc2 43. g3 a5 44. Kf3 a4 45. Ke3 a3 46. Kd3 Rc1 0-1